000 00910cam a22002651i 4500
001 7884584
005 20050803185610.0
008 790622s1947 enk b 000 0 eng
010 _a 48012771
035 _a(OCoLC)5094449
040 _aDLC
_cICarbS-L
_dOCoLC
_dCLU
_dDLC
042 _apremarc
050 0 0 _aJX3275
_b.S32
082 _a341
_bSCH
100 1 _aSchwarzenberger, Georg,
_d1908-
_99618
245 1 2 _aA Manual Of International Law.
260 _aLondon,
_bStevens,
_c1947.
300 _a819 p.
_c22 cm.
440 4 _aThe Library of world affairs ;
_vno. 3
_99619
500 _aDonated by Alla AbdEl Ghany
504 _aIncludes bibliographical references.
650 0 _aInternational law.
_99620
942 _2ddc
_cBB
999 _c12973
_d12973